000 00280nam a2200121Ia 4500
008 190216s9999||||xx |||||||||||||| ||und||
100 _aPramod Kumar Agarwal
245 0 _aHindi- Jal- Pradushan
260 _bUorj Prakashan
_c2001
300 _a64
650 _aHindi
942 _cBK
999 _c16111
_d16111